| 000 | 00921nam a2200265 a 4500 | ||
|---|---|---|---|
| 003 | MX-MxUPN | ||
| 005 | 20250114150934.0 | ||
| 008 | 991125s1881 mx jr 001 0 spa d | ||
| 035 | _aUPN01000034012 | ||
| 040 |
_aMX-MxUPN _bspa _cMX-MxUPN |
||
| 041 | _aspa | ||
| 050 | 1 | 4 |
_aLB1577 M6 _bS64 |
| 100 | 1 |
_aSolís y Miguel, Prudencio _952348 |
|
| 245 | 1 | 0 | _aLecciones de gramática de la lengua española |
| 260 |
_aZacatecas : _bImp. de la Penitenciaria, _c1881. |
||
| 300 | _a88, ii páginas | ||
| 500 | _a"Aprobada por la Junta de Instrucción Pública de esta Capital, y reimpresa para las Escuelas de este Estado" | ||
| 650 | 4 |
_aEspañol _xGramática _xEstudio y enseñanza (Elemental) _913348 |
|
| 650 | 4 |
_aEspañol _917036 _vLibros de texto |
|
| 650 | 4 |
_aEspañol _xEstudio y enseñanza (Elemental) _92806 |
|
| 902 | _bMaríaRobles/120624 | ||
| 904 |
_aAC _b034013 |
||
| 905 | _aLibro | ||
| 942 |
_2lcc _cLIBRO _n0 |
||
| 999 |
_c34012 _d34012 |
||